Energy Management of Prosumer Communities (Record no. 24818)
[ view plain ]
| 000 -LEADER | |
|---|---|
| fixed length control field | 01062nam a2200133Ia 4500 |
| 008 - FIXED-LENGTH DATA ELEMENTS--GENERAL INFORMATION | |
| fixed length control field | 220620s9999||||xx |||||||||||||| ||und|| |
| 020 ## - INTERNATIONAL STANDARD BOOK NUMBER | |
| International Standard Book Number | 9783040000000 |
| 245 #0 - TITLE STATEMENT | |
| Title | Energy Management of Prosumer Communities |
| 546 ## - LANGUAGE NOTE | |
| Language note | English[eng] |
| 650 ## - SUBJECT ADDED ENTRY--TOPICAL TERM | |
| Topical term or geographic name entry element | power-to-heat||sector coupling||thermal storage||district heat||deep well heat pump||hierarchical agglomerative clustering||chronology||demand response||two-capacity building model||residential users||flexible loads shifting scenarios||community of prosumers||new consumption peak||shared PV plant||storage batteries||load factor||real-time pricing||prosumers||electricity price forecasting||particle swarm optimization||renewable energy||peer-to-peer||electricity market||economic dispatch||consensus + innovations||distributed energy resources||battery||reinforcement learning||simulation||frequency reserve||frequency containment reserve||timescale||artificial intelligence||real-time |
| 700 ## - ADDED ENTRY--PERSONAL NAME | |
| Personal name | Sierla, Seppo||Pourakbari-Kasmaei, Mahdi |
| 856 ## - ELECTRONIC LOCATION AND ACCESS | |
| Uniform Resource Identifier | <a href="https://mdpi.com/books/pdfview/book/4373">https://mdpi.com/books/pdfview/book/4373</a> |
| 942 ## - ADDED ENTRY ELEMENTS (KOHA) | |
| Koha item type | E-Books |
| Withdrawn status | Lost status | Damaged status | Not for loan | Home library | Current library | Date acquired | Total Checkouts | Date last seen | Price effective from | Koha item type |
|---|---|---|---|---|---|---|---|---|---|---|
| Kerala University of Digital Sciences, Innovation and Technology Knowledge Centre | Kerala University of Digital Sciences, Innovation and Technology Knowledge Centre | 20/06/2022 | 20/06/2022 | 20/06/2022 | E-Books |